Muslim Separatism the Moros of Southern Philippines & the Malays of Southe (Record no. 18268)
[ view plain ]
| 000 -LEADER | |
|---|---|
| fixed length control field | 00701nam a2200253 a 4500 |
| 020 ## - INTERNATIONAL STANDARD BOOK NUMBER | |
| ISBN | 9711138 |
| 082 00 - DEWEY DECIMAL CLASSIFICATION NUMBER | |
| Classification number | 323.39710959 |
| Author Cutter | MAN |
| 100 ## - MAIN ENTRY--AUTHOR NAME | |
| Author name | Man,, W K Che |
| 245 ## - TITLE STATEMENT | |
| Title | Muslim Separatism the Moros of Southern Philippines & the Malays of Southe |
| 260 ## - PUBLICATION, DISTRIBUTION, ETC. (IMPRINT) | |
| Place of publication | New York |
| Name of publisher | Oxford University Press |
| Year of publication | 1990 |
| 300 ## - PHYSICAL DESCRIPTION | |
| Number of Pages | 240p |
| 500 ## - GENERAL NOTE | |
| General note | includes index and biblioraphy |
| 505 2# - FORMATTED CONTENTS NOTE | |
| Formatted contents note | Index |
| 650 ## - SUBJECT ADDED ENTRY--TOPICAL TERM | |
| Topical Term | Muslims-Philippines-Politics |
| 650 ## - SUBJECT ADDED ENTRY--TOPICAL TERM | |
| Topical Term | Muslims-Thailand- Politics |
| 942 ## - ADDED ENTRY ELEMENTS (KOHA) | |
| Koha item type | Books |
| 700 1# - | |
| -- | Man,, W K Che |
| Collection code | Home library | Current library | Date acquired | Cost, normal purchase price | Full call number | Accession Number | Koha item type |
|---|---|---|---|---|---|---|---|
| Henry Martyn Institute Library | Henry Martyn Institute Library | 04/10/2007 | 215.00 | 323.39710959 MAN | 11001045 | Books |
